|
|
|
|
| LEADER |
01461nam a2200325 a 4500 |
| 001 |
15717223 |
| 008 |
110328t20102009njua 001 0 eng d |
| 010 |
|
|
|a 2009277927
|
| 020 |
|
|
|a 9788131729014
|
| 020 |
|
|
|a 9780137001293
|
| 020 |
|
|
|a 0137001290
|
| 040 |
|
|
|a BTCTA
|c BTCTA
|d YDXCP
|d BWX
|d OCLCQ
|d UKM
|d DLC
|d BD-DhAAL
|
| 042 |
|
|
|a lccopycat
|
| 082 |
0 |
4 |
|a 005.2762
|2 22
|
| 050 |
0 |
0 |
|a QA76.73.J38
|b D4535 2009
|
| 100 |
1 |
|
|a Deitel, Paul J.
|
| 245 |
1 |
0 |
|a Java for programmers /
|c Paul J. Deitel, Harvey M. Deitel.
|
| 260 |
|
|
|a Upper Saddle River, NJ :
|b Prentice Hall :
|a New Delhi ;
|b Pearson,
|c c2010.
|
| 300 |
|
|
|a xxxiv, 1155 p. :
|b ill. ;
|c 24 cm.
|
| 490 |
1 |
|
|a Deitel developer series
|
| 500 |
|
|
|a Includes index.
|
| 541 |
1 |
|
|e 00022255
|
| 650 |
|
0 |
|a Java (Computer program language)
|
| 650 |
|
0 |
|a Object-oriented programming (Computer science)
|
| 700 |
1 |
|
|a Deitel, Harvey M.,
|d 1945-
|
| 830 |
|
0 |
|a Deitel developer series.
|
| 852 |
|
|
|a Ayesha Abed Library
|c General Shelf.
|
| 999 |
|
|
|c 10595
|d 10595
|
| 952 |
|
|
|0 0
|1 2
|2 ddc
|4 0
|6 005_276200000000000_DEI
|7 0
|9 15882
|a BRACUL
|b BRACUL
|c GEN
|d 2011-03-28
|e Karim Internatinal
|g 1350.00
|l 6
|m 22
|o 005.2762 DEI
|p 3010022255
|q 2016-08-15
|r 2012-06-12
|s 2012-06-12
|t 1
|w 2011-03-28
|y BK
|
| 952 |
|
|
|0 0
|1 3
|2 ddc
|4 0
|6 005_276200000000000_DEI
|7 0
|9 15883
|a BRACUL
|b BRACUL
|c GEN
|d 2011-03-28
|e Karim Internatinal
|g 1350.00
|l 34
|m 215
|o 005.2762 DEI
|p 3010022256
|r 2025-08-24
|s 2020-01-15
|t 2
|v 2700.00
|w 2011-03-28
|y BK
|x Lost and cost paid by ID # 21304138
|